Sports Quiz

Random Sports or WWE Quiz
Score 0/26 Timer 06:00
0 Plays Today
Date Superstar % Correct
March 29, 1998Stone Cold Steve Austin
99%
June 28, 1998Kane
91.3%
November 15, 1998The Rock
91%
June 29, 1998Stone Cold Steve Austin
91%
January 24, 1999The Rock
86.7%
March 28, 1999Stone Cold Steve Austin
84.5%
February 15, 1999The Rock
84%
December 29, 1998Mankind
83.9%
May 23, 1999Undertaker
82.2%
June 28, 1999Stone Cold Steve Austin
82.2%
January 26, 1999Mankind
82%
August 23, 1999Triple H
80.1%
September 26, 1999Triple H
79.2%
Date Superstar % Correct
April 30, 2000The Rock
78.3%
January 3, 2000Triple H
77.7%
September 14, 1999, VacatedVince McMahon
77.4%
August 22, 1999Mankind
77.3%
May 21, 2000Triple H
77.2%
June 25, 2000The Rock
77%
February 25, 2001The Rock
76.4%
April 1, 2001Stone Cold Steve Austin
75.8%
November 14, 1999Big Show
74.7%
October 8, 2001Stone Cold Steve Austin
74.3%
October 22, 2000Kurt Angle
74.2%
September 23, 2001Kurt Angle
73.9%
December 9, 2001Chris Jericho
71.7%
Come Together.
Have Fun.
All Virtual.
We all need to come together. Play Sporcle's virtual live trivia to have fun, connect with people, and get your trivia on. Join a live hosted trivia game for your favorite pub trivia experience done virtually. If a virtual private party is more your thing, go here for details.

You're not logged in!

Compare scores with friends on all Sporcle quizzes.
OR
Log In

Sporcle TV

Today on Sporcle TV


Watch our educational content, quiz creation guides, and fun videos on Sporcle TV.

Show Comments

Extras

Top Quizzes Today


Score Distribution

Paid Content

Your Account Isn't Verified!

In order to create a playlist on Sporcle, you need to verify the email address you used during registration. Go to your Sporcle Settings to finish the process.

Report this User

Report this user for behavior that violates our Community Guidelines.

Details: